000
00207 a2200097 4500
001
42356
100
_a
Harris H
245
_a
Model Soldiers
260
_a
_b
Weidenfeld & Nicolson
_c
090
_c
26291
_d
26291
942
_a
NUST-CAE
_c
M
_c
18104
999
_c
277429
_d
277429